The energy balance and hydrodynamics of the solar chromosphere and corona (Record no. 7625)

MARC details
000 -LEADER
fixed length control field 00966nam a2200217Ia 4500
003 - CONTROL NUMBER IDENTIFIER
control field IN-BaIIA
008 - FIXED-LENGTH DATA ELEMENTS--GENERAL INFORMATION
fixed length control field 211028s9999 xx 000 0 eng d
040 ## - CATALOGING SOURCE
Transcribing agency IIA Library
080 ## - UNIVERSAL DECIMAL CLASSIFICATION NUMBER
Universal Decimal Classification number 523.945(082.2)
Item number IAU-C36
111 ## - MAIN ENTRY--MEETING NAME
Meeting name or jurisdiction name as entry element International Astronomical Union Colloquium
Location of meeting France
Date of meeting or treaty signing 1976 Sept. 6-10
9 (RLIN) 12898
245 #4 - TITLE STATEMENT
Title The energy balance and hydrodynamics of the solar chromosphere and corona
Remainder of title proceedings of the International Astronomical Union Colloquium No.36 held at the Faculte Des Sciences De Nice September 6-10, 1976
Statement of responsibility, etc. edited by R. M. Bonnet and P. H. Delache
260 ## - PUBLICATION, DISTRIBUTION, ETC.
Place of publication, distribution, etc. France
Name of publisher, distributor, etc. G De Bussac Clermont-Ferrand
Date of publication, distribution, etc. 1976
300 ## - PHYSICAL DESCRIPTION
Extent 504p.
490 ## - SERIES STATEMENT
Series statement IAU Colloquium; no. 36
500 ## - GENERAL NOTE
General note Donated by Mrs. Bappu
650 ## - SUBJECT ADDED ENTRY--TOPICAL TERM
Topical term or geographic name entry element Astronomy and Astrophysics Thesaurus
700 ## - ADDED ENTRY--PERSONAL NAME
Personal name Bonnet, R. M., ed.
9 (RLIN) 9513
700 ## - ADDED ENTRY--PERSONAL NAME
Personal name Delache, P. H. ed.
9 (RLIN) 12899
710 ## - ADDED ENTRY--CORPORATE NAME
Corporate name or jurisdiction name as entry element International Astronomical Union
942 ## - ADDED ENTRY ELEMENTS (KOHA)
Koha item type Books
Holdings
Withdrawn status Lost status Damaged status Not for loan Home library Current library Shelving location Date acquired Total Checkouts Full call number Barcode Date last seen Price effective from Koha item type
        IIA Library-Bangalore IIA Library-Bangalore General Stacks 21/07/1983   523.945(082.2)/ IAU-C36 8439 05/11/2021 21/07/1983 Books

Powered by Koha